Govt. of
Madhya Pradesh

The History of Indis (Record no. 39462)

MARC details
000 -LEADER
fixed length control field 003210000a22001450004500
003 - CONTROL NUMBER IDENTIFIER
control field MACL
040 ## - CATALOGING SOURCE
Original cataloging agency MACL
090 ## - LOCALLY ASSIGNED LC-TYPE CALL NUMBER (OCLC); LOCAL CALL NUMBER (RLIN)
-- 39894
-- 39892
100 ## - MAIN ENTRY--PERSONAL NAME
Personal name Elliot, Sir H M
245 ## - TITLE STATEMENT
Title The History of Indis
Remainder of title vol 3 The Muhammadan Period
260 ## - PUBLICATION, DISTRIBUTION, ETC. (IMPRINT)
Name of publisher, distributor, etc. Kitab Mahal
350 ## - PRICE (NR) (BK AM CF MU VM SE) [OBSOLETE]
Price 25
650 ## - SUBJECT ADDED ENTRY--TOPICAL TERM
Topical term or geographic name as entry element History
942 ## - ADDED ENTRY ELEMENTS (KOHA)
Koha item type Library Membar
Call number prefix 954/ELL
Holdings
Withdrawn status Lost status Source of classification or shelving scheme Damaged status Not for loan Home library Current library Date acquired Total Checkouts Full call number Barcode Date last seen Uniform Resource Identifier Price effective from Koha item type
          MACL MACL 15/04/2015   954/ELL BOOK CLE015154 29/04/2015 39692 15/04/2015 Books